| 000 | 01210nam a22003135i 4500 | ||
|---|---|---|---|
| 999 |
_c29058 _d29029 |
||
| 003 | EG-ScBUE | ||
| 005 | 20201217112442.0 | ||
| 008 | 201217s2020 ua a g 000 0aara d | ||
| 017 | _a2019 / 2538 | ||
| 020 | _a9789770935552 | ||
| 040 |
_aEG-ScBUE _bara _erda _cEG-ScBUE _dEG-ScBUE |
||
| 082 | 0 | 4 |
_a204.4 _bش ق ي _222 |
| 100 | 1 |
_aشقيري، أحمد، _d1973- _eمؤلف. |
|
| 245 | 1 | 0 |
_a40 = _bأربعون / _cأحمد الشقيري. |
| 246 | 3 | 1 | _aأربعون |
| 250 | _aالطبعة الثامنة. | ||
| 264 | 1 |
_aالقاهرة : _bدار الشروق، _c2020. |
|
| 300 |
_a305 صفحة : _bإيضاحيات ؛ _c24 سم |
||
| 336 |
_aنص _btxt _2rdacontent |
||
| 337 |
_aبدون وسيط _bn _2rdamedia |
||
| 338 |
_aمجلد _bnc _2rdacarrier |
||
| 500 | _a"إضافة جديدة : قسم مع معادلاتي"-- غلاف الكتاب. | ||
| 500 | _a"عائدات المؤلف من هذا الكتاب وقف خيري"-- غلاف الكتاب. | ||
| 500 | _aصدرت الطبعة الأولى، 2019. | ||
| 600 | 1 | 7 |
_aشقيري، أحمد، _d1973- _xمذكرات. _2BUEsh |
| 650 | 7 |
_aتحقيق الذات _xجوانب دينية. _2BUEsh |
|
| 653 |
_bGGEN _cDecember2020 |
||
| 942 | _2ddc | ||